00422nam a2200169Ia 4500003000400000005001700004008004100021020001800062040000700080041000800087082001600095100005200111245002700163260003300190300001600223365001300239OSt20230330162118.0210423s2007 xx 000 0 und d a9788174465726 cAL aeng a658.15 MISB aMISHRA (Bishnupriya);DEBASISH (Sathya Swaroop). aFinancial derivatives. aNew DelhibExcel Booksc2007 axii,246bPB b195cINR